| 000 | 00593nam a22001937a 4500 | ||
|---|---|---|---|
| 003 | DO-SdBNP | ||
| 005 | 20230320115315.0 | ||
| 007 | ta | ||
| 008 | 210609b2020 dr a 00| 0 eng dspa d | ||
| 020 | _a9789945591972 | ||
| 040 |
_aDO-SdBNP _bspa _cBNPHU |
||
| 082 | 4 | _222 | |
| 110 | 1 |
_aRepública Dominicana : _bMinisterio de Salud Pública. _978774 |
|
| 245 | 0 | 0 | _aDirectrices para desinfección de espacios públicos |
| 260 |
_aSanto Domingo : _bMinisterio de Salud Pública, _c2020. |
||
| 300 |
_a8 p. : _bilustraciones , _c20 cm. |
||
| 590 | _aInventariado, 2021 /LP | ||
| 942 |
_2ddc _cLBS1 |
||
| 999 |
_c49903 _d49903 |
||